[Event "Masters Tournament (MTO)"]
[Site "Biel, CH"]
[Date "2025.07.23"]
[Round "9"]
[White "Soo, Kai Jie"]
[Black "Pranesh M"]
[Result "0-1"]
[Board "3"]
[WhiteFideId "5803454"]
[BlackFideId "35028600"]
[WhiteTitle "FM"]
[BlackTitle "GM"]
[WhiteElo "2240"]
[BlackElo "2592"]
[WhiteTeam "AUS"]
[BlackTeam "IND"]
[WhiteClock "0:31:20"]
[BlackClock "0:25:09"]
[Variant "Standard"]

1. d4 {[%clk 1:40:57]}  d5 {[%clk 1:40:29]} 2. c4 {[%clk 1:40:57]}  e6 {[%clk 1:40:46]} 3. Nf3 {[%clk 1:41:19]}  a6 {[%clk 1:40:39]} 4. cxd5 {[%clk 1:41:41]}  exd5 {[%clk 1:41:04]} 5. Nc3 {[%clk 1:42:05]}  Be6 {[%clk 1:41:12]} 6. Bf4 {[%clk 1:42:04]}  Bd6 {[%clk 1:41:04]} 7. Bxd6 {[%clk 1:42:12]}  Qxd6 {[%clk 1:41:25]} 8. e3 {[%clk 1:41:54]}  Nd7 {[%clk 1:41:01]} 9. Qc2 {[%clk 1:37:18]}  Ne7 {[%clk 1:38:46]} 10. Bd3 {[%clk 1:37:37]}  h6 {[%clk 1:37:57]} 11. Rc1 {[%clk 1:35:53]}  O-O {[%clk 1:34:10]} 12. O-O {[%clk 1:28:49]}  c6 {[%clk 1:26:11]} 13. Na4 {[%clk 1:28:27]}  Bg4 {[%clk 1:22:13]} 14. Nd2 {[%clk 1:27:58]}  b6 {[%clk 1:21:15]} 15. a3 {[%clk 1:14:59]}  a5 {[%clk 1:18:44]} 16. h3 {[%clk 1:08:38]}  Bh5 {[%clk 1:16:48]} 17. Rfe1 {[%clk 1:07:48]}  f5 {[%clk 1:04:18]} 18. f4 {[%clk 1:03:11]}  Rab8 {[%clk 0:55:16]} 19. Nf1 {[%clk 0:56:34]}  Kh8 {[%clk 0:50:03]} 20. Qc3 {[%clk 0:56:10]}  g5 {[%clk 0:40:50]} 21. Ng3 {[%clk 0:55:20]}  Qg6 {[%clk 0:38:42]} 22. fxg5 {[%clk 0:51:56]}  Rg8 {[%clk 0:36:00]} 23. Qd2 {[%clk 0:49:01]}  Qxg5 {[%clk 0:34:56]} 24. Nxh5 {[%clk 0:49:22]}  Qxh5 {[%clk 0:35:22]} 25. Kh1 {[%clk 0:49:21]}  Rg3 {[%clk 0:33:55]} 26. Rf1 {[%clk 0:42:05]}  Rbg8 {[%clk 0:31:26]} 27. Rf4 {[%clk 0:38:03]}  Qg5 {[%clk 0:25:25]} 28. Rf2 {[%clk 0:35:23]}  Nf6 {[%clk 0:26:01]} 29. Nc3 {[%clk 0:34:03]}  Nh5 {[%clk 0:24:31]} 30. Be2 {[%clk 0:31:51]}  Rxg2 {[%clk 0:24:36]} 31. Bxh5 {[%clk 0:30:59]}  Rg1+ {[%clk 0:24:50]} 32. Kh2 {[%clk 0:31:20]}  Qg3# {[%clk 0:25:09]} 0-1

[Event "Masters Tournament (MTO)"]
[Site "Biel, CH"]
[Date "2025.07.23"]
[Round "9"]
[White "Poh, Yu Tian"]
[Black "Yilmaz, Mustafa"]
[Result "1/2-1/2"]
[Board "4"]
[WhiteFideId "5734088"]
[BlackFideId "6302718"]
[WhiteTitle "IM"]
[BlackTitle "GM"]
[WhiteElo "2458"]
[BlackElo "2586"]
[WhiteTeam "MAS"]
[BlackTeam "TUR"]
[WhiteClock "1:00:24"]
[BlackClock "1:43:54"]
[Variant "Standard"]

1. e4 {[%clk 1:40:58]}  c5 {[%clk 1:36:56]} 2. Nf3 {[%clk 1:41:18]}  d6 {[%clk 1:37:22]} 3. d4 {[%clk 1:41:41]}  cxd4 {[%clk 1:37:44]} 4. Nxd4 {[%clk 1:42:06]}  Nf6 {[%clk 1:38:11]} 5. Nc3 {[%clk 1:42:28]}  a6 {[%clk 1:38:35]} 6. Bg5 {[%clk 1:42:53]}  e6 {[%clk 1:39:02]} 7. f4 {[%clk 1:43:17]}  Nbd7 {[%clk 1:39:29]} 8. Qf3 {[%clk 1:40:27]}  Qc7 {[%clk 1:39:53]} 9. O-O-O {[%clk 1:39:45]}  b5 {[%clk 1:40:14]} 10. Bd3 {[%clk 1:35:18]}  Bb7 {[%clk 1:40:14]} 11. Rhe1 {[%clk 1:31:05]}  Be7 {[%clk 1:40:38]} 12. Qg3 {[%clk 1:12:08]}  b4 {[%clk 1:40:22]} 13. Nd5 {[%clk 1:12:04]}  exd5 {[%clk 1:40:47]} 14. e5 {[%clk 1:02:27]}  dxe5 {[%clk 1:40:30]} 15. fxe5 {[%clk 1:02:51]}  Nh5 {[%clk 1:40:57]} 16. Qh4 {[%clk 1:02:57]}  Bxg5+ {[%clk 1:41:19]} 17. Qxg5 {[%clk 1:03:26]}  g6 {[%clk 1:41:40]} 18. e6 {[%clk 1:01:53]}  Nc5 {[%clk 1:41:43]} 19. exf7+ {[%clk 1:00:56]}  Kxf7 {[%clk 1:42:06]} 20. Rf1+ {[%clk 0:58:50]}  Kg8 {[%clk 1:42:27]} 21. Nf5 {[%clk 0:58:56]}  Ne6 {[%clk 1:42:40]} 22. Nh6+ {[%clk 0:59:06]}  Kg7 {[%clk 1:43:06]} 23. Nf5+ {[%clk 0:59:25]}  Kg8 {[%clk 1:43:01]} 24. Nh6+ {[%clk 0:59:43]}  Kg7 {[%clk 1:43:27]} 25. Nf5+ {[%clk 1:00:08]}  Kg8 {[%clk 1:43:54]} 26. Nh6+ {[%clk 1:00:24]} 1/2-1/2

[Event "Masters Tournament (MTO)"]
[Site "Biel, CH"]
[Date "2025.07.23"]
[Round "9"]
[White "Pranav Anand"]
[Black "Panchanathan, Magesh Chandran"]
[Result "1/2-1/2"]
[Board "5"]
[WhiteFideId "46626786"]
[BlackFideId "5007429"]
[WhiteTitle "GM"]
[BlackTitle "GM"]
[WhiteElo "2566"]
[BlackElo "2454"]
[WhiteTeam "IND"]
[BlackTeam "IND"]
[WhiteClock "0:05:14"]
[BlackClock "0:34:04"]
[Variant "Standard"]

1. e4 {[%clk 1:40:53]}  e5 {[%clk 1:40:53]} 2. Nf3 {[%clk 1:41:18]}  Nc6 {[%clk 1:41:18]} 3. Bb5 {[%clk 1:41:39]}  a6 {[%clk 1:41:43]} 4. Ba4 {[%clk 1:42:05]}  d6 {[%clk 1:41:58]} 5. O-O {[%clk 1:42:27]}  Bd7 {[%clk 1:42:17]} 6. c3 {[%clk 1:42:48]}  g6 {[%clk 1:42:39]} 7. d4 {[%clk 1:43:13]}  Bg7 {[%clk 1:43:04]} 8. Re1 {[%clk 1:43:38]}  Nf6 {[%clk 1:42:59]} 9. Bc2 {[%clk 1:43:33]}  O-O {[%clk 1:43:21]} 10. h3 {[%clk 1:43:57]}  a5 {[%clk 1:38:56]} 11. Nbd2 {[%clk 1:43:11]}  a4 {[%clk 1:39:42]} 12. Nf1 {[%clk 1:39:44]}  h6 {[%clk 1:36:49]} 13. Ng3 {[%clk 1:39:22]}  b5 {[%clk 1:32:11]} 14. Be3 {[%clk 1:33:30]}  Re8 {[%clk 1:37:22]} 15. Qd2 {[%clk 1:32:32]}  Kh7 {[%clk 1:34:38]} 16. Rab1 {[%clk 1:29:27]}  Qe7 {[%clk 1:30:15]} 17. Bd3 {[%clk 1:26:56]}  Na5 {[%clk 1:32:46]} 18. b3 {[%clk 1:18:40]}  axb3 {[%clk 1:26:23]} 19. axb3 {[%clk 1:22:58]}  Reb8 {[%clk 1:18:00]} 20. Bc2 {[%clk 1:17:31]}  c5 {[%clk 1:15:06]} 21. d5 {[%clk 1:17:35]}  Ra6 {[%clk 1:14:53]} 22. Nh2 {[%clk 1:17:06]}  Rba8 {[%clk 1:06:15]} 23. Re2 {[%clk 1:06:54]}  Be8 {[%clk 0:55:55]} 24. Ng4 {[%clk 1:03:10]}  Nxg4 {[%clk 1:02:17]} 25. hxg4 {[%clk 0:56:23]}  c4 {[%clk 1:02:36]} 26. b4 {[%clk 0:54:29]}  Nb3 {[%clk 1:02:58]} 27. Bxb3 {[%clk 0:53:20]}  cxb3 {[%clk 1:03:22]} 28. Qe1 {[%clk 0:53:42]}  Ra2 {[%clk 0:54:18]} 29. Reb2 {[%clk 0:45:04]}  Rxb2 {[%clk 0:51:03]} 30. Rxb2 {[%clk 0:46:43]}  Ra3 {[%clk 0:51:30]} 31. Qd1 {[%clk 0:40:53]}  Qh4 {[%clk 0:49:33]} 32. Nf1 {[%clk 0:40:06]}  Bd7 {[%clk 0:49:53]} 33. f3 {[%clk 0:39:01]}  f5 {[%clk 0:47:30]} 34. gxf5 {[%clk 0:33:59]}  gxf5 {[%clk 0:46:02]} 35. Rxb3 {[%clk 0:30:47]}  Ra8 {[%clk 0:38:27]} 36. exf5 {[%clk 0:25:18]}  Bxf5 {[%clk 0:46:24]} 37. Bf2 {[%clk 0:24:26]}  Qc4 {[%clk 0:35:37]} 38. Ne3 {[%clk 0:15:12]}  Qd3 {[%clk 0:42:37]} 39. Qxd3 {[%clk 0:07:34]}  Bxd3 {[%clk 0:43:01]} 40. Rb2 {[%clk 0:04:21]}  Ra3 {[%clk 0:34:50]} 41. Be1 {[%clk 0:30:28]}  Ra1 {[%clk 1:02:31]} 42. Kf2 {[%clk 0:30:46]}  Bf6 {[%clk 1:02:32]} 43. Rd2 {[%clk 0:15:09]}  Bg6 {[%clk 0:57:43]} 44. Rd1 {[%clk 0:26:06]}  Ra2+ {[%clk 0:46:06]} 45. Rd2 {[%clk 0:25:37]}  Ra3 {[%clk 0:45:56]} 46. Rd1 {[%clk 0:24:59]}  h5 {[%clk 0:44:06]} 47. Ke2 {[%clk 0:26:02]}  Kg8 {[%clk 0:42:25]} 48. Bd2 {[%clk 0:20:54]}  Bd8 {[%clk 0:38:07]} 49. Rc1 {[%clk 0:23:18]}  Bb6 {[%clk 0:38:13]} 50. Rh1 {[%clk 0:23:17]}  Bd8 {[%clk 0:33:30]} 51. g4 {[%clk 0:20:54]}  h4 {[%clk 0:35:05]} 52. Nf5 {[%clk 0:19:26]}  Ra2 {[%clk 0:35:04]} 53. Kd3 {[%clk 0:16:23]}  Kf7 {[%clk 0:33:18]} 54. Rh3 {[%clk 0:17:56]}  Bf6 {[%clk 0:33:18]} 55. Rh1 {[%clk 0:15:24]}  Bd8 {[%clk 0:31:19]} 56. Rh3 {[%clk 0:10:31]}  Bf6 {[%clk 0:34:04]} 57. Rh1 {[%clk 0:05:14]} 1/2-1/2

[Event "Masters Tournament (MTO)"]
[Site "Biel, CH"]
[Date "2025.07.23"]
[Round "9"]
[White "Federer, Colin"]
[Black "Baenziger, Fabian"]
[Result "1/2-1/2"]
[Board "6"]
[WhiteFideId "1345117"]
[BlackFideId "1330110"]
[WhiteTitle "FM"]
[BlackTitle "IM"]
[WhiteElo "2303"]
[BlackElo "2450"]
[WhiteTeam "SUI"]
[BlackTeam "SUI"]
[WhiteClock "0:25:41"]
[BlackClock "0:21:14"]
[Variant "Standard"]

1. e4 {[%clk 1:40:52]}  e6 {[%clk 1:40:36]} 2. d4 {[%clk 1:41:15]}  d5 {[%clk 1:40:59]} 3. Nc3 {[%clk 1:41:39]}  Nf6 {[%clk 1:40:42]} 4. Bg5 {[%clk 1:41:47]}  dxe4 {[%clk 1:39:31]} 5. Nxe4 {[%clk 1:42:05]}  Be7 {[%clk 1:39:44]} 6. Bxf6 {[%clk 1:40:49]}  Bxf6 {[%clk 1:40:05]} 7. Nxf6+ {[%clk 1:39:31]}  Qxf6 {[%clk 1:39:55]} 8. Nf3 {[%clk 1:39:48]}  O-O {[%clk 1:39:47]} 9. Qd2 {[%clk 1:36:27]}  Rd8 {[%clk 1:37:29]} 10. O-O-O {[%clk 1:37:28]}  Bd7 {[%clk 1:29:38]} 11. Qe3 {[%clk 1:30:56]}  Nc6 {[%clk 1:31:33]} 12. c3 {[%clk 1:17:10]}  Ne7 {[%clk 1:30:00]} 13. Ne5 {[%clk 1:14:09]}  Ba4 {[%clk 1:22:49]} 14. b3 {[%clk 1:13:14]}  Nd5 {[%clk 1:20:06]} 15. Qf3 {[%clk 1:07:37]}  Qxf3 {[%clk 1:12:07]} 16. Nxf3 {[%clk 1:07:37]}  Nxc3 {[%clk 1:12:57]} 17. bxa4 {[%clk 1:04:07]}  Nxd1 {[%clk 1:13:07]} 18. Kxd1 {[%clk 1:04:31]}  c5 {[%clk 1:11:32]} 19. Bd3 {[%clk 1:00:59]}  Rac8 {[%clk 1:06:20]} 20. Kd2 {[%clk 0:58:48]}  cxd4 {[%clk 1:04:38]} 21. Rb1 {[%clk 0:58:34]}  b6 {[%clk 0:51:15]} 22. Rb4 {[%clk 0:44:20]}  Rc7 {[%clk 0:52:45]} 23. Rxd4 {[%clk 0:42:23]}  Rxd4 {[%clk 0:50:19]} 24. Nxd4 {[%clk 0:42:49]}  Kf8 {[%clk 0:50:41]} 25. Nb5 {[%clk 0:37:16]}  Rd7 {[%clk 0:50:37]} 26. Ke3 {[%clk 0:37:27]}  Ke7 {[%clk 0:49:27]} 27. Be4 {[%clk 0:34:06]}  a6 {[%clk 0:40:24]} 28. Nc3 {[%clk 0:28:57]}  Rc7 {[%clk 0:37:16]} 29. Kd2 {[%clk 0:16:04]}  Rd7+ {[%clk 0:26:54]} 30. Ke3 {[%clk 0:27:55]}  Rc7 {[%clk 0:25:09]} 31. Kd2 {[%clk 0:25:41]}  Rd7+ {[%clk 0:21:14]} 1/2-1/2

[Event "Masters Tournament (MTO)"]
[Site "Biel, CH"]
[Date "2025.07.23"]
[Round "9"]
[White "Sanket Chakravarty"]
[Black "Banh Gia Huy"]
[Result "1/2-1/2"]
[Board "7"]
[WhiteFideId "25032038"]
[BlackFideId "12424714"]
[WhiteTitle "IM"]
[BlackTitle "IM"]
[WhiteElo "2301"]
[BlackElo "2445"]
[WhiteTeam "IND"]
[BlackTeam "VIE"]
[WhiteClock "0:30:47"]
[BlackClock "0:05:23"]
[Variant "Standard"]

1. d4 {[%clk 1:28:07]}  Nf6 {[%clk 1:40:54]} 2. Bg5 {[%clk 1:28:30]}  c5 {[%clk 1:39:46]} 3. Bxf6 {[%clk 1:28:23]}  gxf6 {[%clk 1:39:57]} 4. d5 {[%clk 1:28:33]}  Qb6 {[%clk 1:39:44]} 5. Qc1 {[%clk 1:28:56]}  f5 {[%clk 1:39:21]} 6. c4 {[%clk 1:26:03]}  Bg7 {[%clk 1:39:19]} 7. Nc3 {[%clk 1:26:23]}  d6 {[%clk 1:39:22]} 8. e3 {[%clk 1:24:39]}  Nd7 {[%clk 1:37:19]} 9. Nf3 {[%clk 1:23:53]}  Nf6 {[%clk 1:25:35]} 10. Bd3 {[%clk 1:23:30]}  Ne4 {[%clk 1:19:22]} 11. Bxe4 {[%clk 1:19:07]}  fxe4 {[%clk 1:21:57]} 12. Nd2 {[%clk 1:19:27]}  f5 {[%clk 1:21:37]} 13. O-O {[%clk 1:19:14]}  O-O {[%clk 1:11:13]} 14. Qc2 {[%clk 1:10:40]}  e6 {[%clk 1:06:55]} 15. dxe6 {[%clk 1:03:53]}  Bxe6 {[%clk 1:06:54]} 16. Rad1 {[%clk 1:04:05]}  Kh8 {[%clk 1:01:35]} 17. b3 {[%clk 1:04:10]}  a6 {[%clk 0:52:30]} 18. f3 {[%clk 1:00:34]}  exf3 {[%clk 0:46:34]} 19. Nxf3 {[%clk 1:00:29]}  Qd8 {[%clk 0:37:58]} 20. Nd5 {[%clk 0:53:13]}  b5 {[%clk 0:35:08]} 21. Rfe1 {[%clk 0:53:21]}  bxc4 {[%clk 0:34:04]} 22. bxc4 {[%clk 0:53:45]}  Rb8 {[%clk 0:31:22]} 23. Qf2 {[%clk 0:43:20]}  Rg8 {[%clk 0:28:13]} 24. e4 {[%clk 0:37:25]}  Rb2 {[%clk 0:23:56]} 25. Re2 {[%clk 0:34:29]}  Rxe2 {[%clk 0:23:51]} 26. Qxe2 {[%clk 0:34:52]}  Re8 {[%clk 0:21:15]} 27. Qc2 {[%clk 0:26:17]}  fxe4 {[%clk 0:20:05]} 28. Qxe4 {[%clk 0:28:09]}  Bg8 {[%clk 0:17:33]} 29. Qg4 {[%clk 0:28:28]}  Rf8 {[%clk 0:12:28]} 30. h4 {[%clk 0:27:55]}  Qe8 {[%clk 0:10:45]} 31. Re1 {[%clk 0:26:51]}  Qg6 {[%clk 0:10:19]} 32. Qxg6 {[%clk 0:26:33]}  hxg6 {[%clk 0:10:10]} 33. Ne7 {[%clk 0:27:01]}  Bf7 {[%clk 0:08:23]} 34. Ng5 {[%clk 0:21:49]}  Bd4+ {[%clk 0:08:39]} 35. Kh2 {[%clk 0:22:07]}  Kg7 {[%clk 0:07:25]} 36. Nd5 {[%clk 0:16:16]}  Be5+ {[%clk 0:06:17]} 37. Kh3 {[%clk 0:16:21]}  Bxd5 {[%clk 0:02:53]} 38. cxd5 {[%clk 0:16:41]}  Rf2 {[%clk 0:01:17]} 39. Nf3 {[%clk 0:12:38]}  Bf6 {[%clk 0:01:14]} 40. Re6 {[%clk 0:12:29]}  c4 {[%clk 0:00:54]} 41. Rxd6 {[%clk 0:12:53]}  c3 {[%clk 0:22:59]} 42. Rc6 {[%clk 0:42:16]}  Rxa2 {[%clk 0:22:13]} 43. d6 {[%clk 0:37:02]}  Ra1 {[%clk 0:14:25]} 44. g4 {[%clk 0:40:54]}  Rd1 {[%clk 0:12:49]} 45. g5 {[%clk 0:40:00]}  Bd8 {[%clk 0:07:48]} 46. Rxc3 {[%clk 0:35:45]}  Rxd6 {[%clk 0:13:13]} 47. Rc8 {[%clk 0:34:05]}  a5 {[%clk 0:12:12]} 48. Ra8 {[%clk 0:36:31]}  Bb6 {[%clk 0:11:42]} 49. Kg4 {[%clk 0:35:05]}  Re6 {[%clk 0:11:43]} 50. Ra6 {[%clk 0:32:37]}  Re4+ {[%clk 0:10:50]} 51. Kg3 {[%clk 0:32:23]}  Rb4 {[%clk 0:10:37]} 52. Ne5 {[%clk 0:31:24]}  Rb5 {[%clk 0:06:40]} 53. Kg4 {[%clk 0:30:22]}  Rxe5 {[%clk 0:04:55]} 54. Rxb6 {[%clk 0:30:47]}  Re4+ {[%clk 0:05:23]} 1/2-1/2

[Event "Masters Tournament (MTO)"]
[Site "Biel, CH"]
[Date "2025.07.23"]
[Round "9"]
[White "Gloeckler, Christian"]
[Black "Gruenfeld, Yehuda"]
[Result "1-0"]
[Board "8"]
[WhiteFideId "34608966"]
[BlackFideId "2800020"]
[WhiteTitle "FM"]
[BlackTitle "GM"]
[WhiteElo "2439"]
[BlackElo "2367"]
[WhiteTeam "GER"]
[BlackTeam "ISR"]
[WhiteClock "1:12:23"]
[BlackClock "1:16:40"]
[Variant "Standard"]

1. e4 {[%clk 1:40:47]}  c5 {[%clk 1:40:55]} 2. Nf3 {[%clk 1:41:10]}  d6 {[%clk 1:41:21]} 3. d4 {[%clk 1:41:34]}  cxd4 {[%clk 1:41:45]} 4. Nxd4 {[%clk 1:41:52]}  Nf6 {[%clk 1:42:08]} 5. Nc3 {[%clk 1:42:18]}  a6 {[%clk 1:42:33]} 6. Be3 {[%clk 1:42:40]}  e5 {[%clk 1:42:54]} 7. Nf3 {[%clk 1:43:03]}  Be7 {[%clk 1:42:36]} 8. Bc4 {[%clk 1:43:22]}  O-O {[%clk 1:41:45]} 9. O-O {[%clk 1:43:45]}  Be6 {[%clk 1:39:03]} 10. Bxe6 {[%clk 1:43:54]}  fxe6 {[%clk 1:39:23]} 11. Na4 {[%clk 1:44:14]}  b5 {[%clk 1:39:17]} 12. Nb6 {[%clk 1:44:15]}  Nxe4 {[%clk 1:35:32]} 13. Nxa8 {[%clk 1:43:14]}  Nd7 {[%clk 1:35:57]} 14. a4 {[%clk 1:40:09]}  b4 {[%clk 1:35:43]} 15. Nb6 {[%clk 1:38:46]}  Nxb6 {[%clk 1:35:58]} 16. Qd3 {[%clk 1:38:49]}  Nc5 {[%clk 1:29:17]} 17. Bxc5 {[%clk 1:38:19]}  dxc5 {[%clk 1:29:42]} 18. Qxd8 {[%clk 1:37:37]}  Rxd8 {[%clk 1:29:55]} 19. Rfd1 {[%clk 1:35:34]}  Rxd1+ {[%clk 1:27:29]} 20. Rxd1 {[%clk 1:36:01]}  Nxa4 {[%clk 1:27:50]} 21. b3 {[%clk 1:33:08]}  Nc3 {[%clk 1:27:53]} 22. Ra1 {[%clk 1:32:23]}  e4 {[%clk 1:26:34]} 23. Nd2 {[%clk 1:31:55]}  Ne2+ {[%clk 1:20:57]} 24. Kf1 {[%clk 1:31:58]}  Nd4 {[%clk 1:21:25]} 25. Ra2 {[%clk 1:29:44]}  Kf7 {[%clk 1:20:12]} 26. Nxe4 {[%clk 1:30:54]}  e5 {[%clk 1:20:36]} 27. f3 {[%clk 1:30:16]}  h6 {[%clk 1:20:57]} 28. Ke1 {[%clk 1:30:14]}  a5 {[%clk 1:21:24]} 29. Kd2 {[%clk 1:27:56]}  c4 {[%clk 1:21:15]} 30. bxc4 {[%clk 1:27:06]}  Nc6 {[%clk 1:21:42]} 31. Ke3 {[%clk 1:21:32]}  Ke6 {[%clk 1:21:07]} 32. Ra4 {[%clk 1:21:01]}  Kf7 {[%clk 1:17:04]} 33. Kd3 {[%clk 1:17:24]}  Ke6 {[%clk 1:16:06]} 34. Nd2 {[%clk 1:17:07]}  Bd8 {[%clk 1:15:35]} 35. Ke4 {[%clk 1:16:47]}  g6 {[%clk 1:15:52]} 36. Nb3 {[%clk 1:15:25]}  Bb6 {[%clk 1:16:17]} 37. Ra1 {[%clk 1:12:20]}  Kd6 {[%clk 1:16:20]} 38. c5+ {[%clk 1:12:14]}  Bxc5 {[%clk 1:16:40]} 39. Nxa5 {[%clk 1:12:23]} 1-0

[Event "Masters Tournament (MTO)"]
[Site "Biel, CH"]
[Date "2025.07.23"]
[Round "9"]
[White "Doluhanova, Evgeniya"]
[Black "Adewumi, Tanitoluwa"]
[Result "0-1"]
[Board "9"]
[WhiteFideId "14112035"]
[BlackFideId "30966396"]
[WhiteTitle "WGM"]
[BlackTitle "FM"]
[WhiteElo "2256"]
[BlackElo "2397"]
[WhiteTeam "UKR"]
[BlackTeam "USA"]
[WhiteClock "0:04:43"]
[BlackClock "0:12:42"]
[Variant "Standard"]

1. Nf3 {[%clk 1:38:59]}  Nf6 {[%clk 1:40:42]} 2. e3 {[%clk 1:38:06]}  g6 {[%clk 1:39:32]} 3. b3 {[%clk 1:38:38]}  Bg7 {[%clk 1:40:53]} 4. Bb2 {[%clk 1:38:03]}  d6 {[%clk 1:40:34]} 5. d4 {[%clk 1:39:14]}  O-O {[%clk 1:41:02]} 6. c4 {[%clk 1:38:56]}  c6 {[%clk 1:41:13]} 7. Nc3 {[%clk 1:39:10]}  Re8 {[%clk 1:41:23]} 8. Be2 {[%clk 1:39:05]}  Nbd7 {[%clk 1:41:26]} 9. O-O {[%clk 1:39:23]}  e5 {[%clk 1:40:41]} 10. dxe5 {[%clk 1:38:00]}  dxe5 {[%clk 1:40:57]} 11. Qd2 {[%clk 1:36:28]}  e4 {[%clk 1:27:11]} 12. Ne1 {[%clk 1:29:38]}  h5 {[%clk 1:29:38]} 13. Rd1 {[%clk 1:29:34]}  h4 {[%clk 1:27:05]} 14. f4 {[%clk 1:20:21]}  exf3 {[%clk 1:29:28]} 15. Bxf3 {[%clk 1:20:41]}  Qb6 {[%clk 1:22:59]} 16. Na4 {[%clk 0:51:57]}  Qxe3+ {[%clk 1:00:14]} 17. Qxe3 {[%clk 1:14:26]}  Rxe3 {[%clk 1:00:40]} 18. Nd3 {[%clk 1:13:38]}  Re8 {[%clk 0:46:13]} 19. Rde1 {[%clk 1:03:00]}  Rd8 {[%clk 0:43:45]} 20. Ndc5 {[%clk 1:00:47]}  Nxc5 {[%clk 0:33:04]} 21. Nxc5 {[%clk 1:01:07]}  Ne8 {[%clk 0:31:53]} 22. Bxg7 {[%clk 0:56:47]}  Nxg7 {[%clk 0:31:47]} 23. Re7 {[%clk 0:56:55]}  Kf8 {[%clk 0:27:13]} 24. Rc7 {[%clk 0:34:31]}  Ne8 {[%clk 0:27:45]} 25. Rxb7 {[%clk 0:34:55]}  Bxb7 {[%clk 0:27:54]} 26. Nxb7 {[%clk 0:35:19]}  Rd2 {[%clk 0:25:54]} 27. Bxc6 {[%clk 0:34:01]}  Rc8 {[%clk 0:24:49]} 28. Bd5 {[%clk 0:34:12]}  f5 {[%clk 0:18:44]} 29. Rf2 {[%clk 0:23:02]}  Rd1+ {[%clk 0:25:23]} 30. Rf1 {[%clk 0:23:27]}  Rd2 {[%clk 0:23:55]} 31. Rf2 {[%clk 0:23:52]}  Rd1+ {[%clk 0:24:19]} 32. Rf1 {[%clk 0:24:18]}  Rd3 {[%clk 0:24:22]} 33. Bf3 {[%clk 0:20:13]}  Rc7 {[%clk 0:24:02]} 34. Na5 {[%clk 0:20:02]}  Nf6 {[%clk 0:24:09]} 35. b4 {[%clk 0:19:37]}  Ra3 {[%clk 0:22:53]} 36. Rf2 {[%clk 0:19:12]}  Nd7 {[%clk 0:22:04]} 37. Re2 {[%clk 0:14:43]}  h3 {[%clk 0:15:17]} 38. Re6 {[%clk 0:12:48]}  g5 {[%clk 0:13:54]} 39. c5 {[%clk 0:09:15]}  Nxc5 {[%clk 0:09:30]} 40. Rf6+ {[%clk 0:09:37]}  Kg7 {[%clk 0:09:37]} 41. Rxf5 {[%clk 0:06:52]}  Nd3 {[%clk 0:09:29]} 42. Nc6 {[%clk 0:05:34]}  Rxa2 {[%clk 0:09:55]} 43. Rxg5+ {[%clk 0:05:08]}  Kf6 {[%clk 0:10:11]} 44. Ra5 {[%clk 0:05:35]}  Rc2 {[%clk 0:09:54]} 45. Ra1 {[%clk 0:04:08]}  R7xc6 {[%clk 0:10:14]} 46. Bxc6 {[%clk 0:04:31]}  Rxc6 {[%clk 0:10:38]} 47. gxh3 {[%clk 0:04:42]}  Rc1+ {[%clk 0:10:26]} 48. Rxc1 {[%clk 0:05:08]}  Nxc1 {[%clk 0:10:50]} 49. Kf1 {[%clk 0:04:42]}  Na2 {[%clk 0:11:13]} 50. b5 {[%clk 0:03:37]}  Nc3 {[%clk 0:11:42]} 51. Ke1 {[%clk 0:04:02]}  Nxb5 {[%clk 0:12:08]} 52. Kd2 {[%clk 0:04:31]}  a5 {[%clk 0:12:20]} 53. Kc2 {[%clk 0:04:43]}  a4 {[%clk 0:12:42]} 0-1

[Event "Masters Tournament (MTO)"]
[Site "Biel, CH"]
[Date "2025.07.23"]
[Round "9"]
[White "Georgescu, Lena"]
[Black "Sasikiran, Krishnan"]
[Result "0-1"]
[Board "10"]
[WhiteFideId "1331973"]
[BlackFideId "5004985"]
[WhiteTitle "WGM"]
[BlackTitle "GM"]
[WhiteElo "2185"]
[BlackElo "2531"]
[WhiteTeam "SUI"]
[BlackTeam "IND"]
[WhiteClock "0:08:10"]
[BlackClock "0:14:31"]
[Variant "Standard"]

1. e4 {[%clk 1:40:56]}  g6 {[%clk 1:39:26]} 2. d4 {[%clk 1:41:09]}  Bg7 {[%clk 1:39:44]} 3. Nf3 {[%clk 1:41:06]}  d6 {[%clk 1:39:58]} 4. Be2 {[%clk 1:41:10]}  Nf6 {[%clk 1:39:52]} 5. Nc3 {[%clk 1:41:27]}  O-O {[%clk 1:40:00]} 6. O-O {[%clk 1:41:27]}  a6 {[%clk 1:38:19]} 7. a4 {[%clk 1:39:03]}  Nc6 {[%clk 1:37:20]} 8. a5 {[%clk 1:37:15]}  e5 {[%clk 1:31:26]} 9. d5 {[%clk 1:30:39]}  Ne7 {[%clk 1:29:45]} 10. Nd2 {[%clk 1:25:24]}  Nd7 {[%clk 1:05:44]} 11. Nc4 {[%clk 1:06:20]}  f5 {[%clk 1:24:14]} 12. f4 {[%clk 1:03:14]}  exf4 {[%clk 1:21:38]} 13. Bxf4 {[%clk 1:02:28]}  h6 {[%clk 1:09:04]} 14. exf5 {[%clk 0:53:05]}  Nxf5 {[%clk 0:59:17]} 15. Ne4 {[%clk 0:44:26]}  Nf6 {[%clk 0:45:17]} 16. Nxf6+ {[%clk 0:35:18]}  Qxf6 {[%clk 0:57:37]} 17. c3 {[%clk 0:35:28]}  Qe7 {[%clk 0:55:43]} 18. Bd3 {[%clk 0:30:01]}  Bd7 {[%clk 0:45:03]} 19. Qc2 {[%clk 0:19:11]}  Rae8 {[%clk 0:47:48]} 20. Bd2 {[%clk 0:14:11]}  h5 {[%clk 0:43:21]} 21. Rae1 {[%clk 0:12:10]}  Qh4 {[%clk 0:38:27]} 22. Rxe8 {[%clk 0:16:20]}  Rxe8 {[%clk 0:35:57]} 23. Rf4 {[%clk 0:10:59]}  Qf6 {[%clk 0:30:47]} 24. Re4 {[%clk 0:15:23]}  Rf8 {[%clk 0:30:05]} 25. Re1 {[%clk 0:12:37]}  h4 {[%clk 0:25:09]} 26. Ne3 {[%clk 0:13:01]}  h3 {[%clk 0:22:32]} 27. Rf1 {[%clk 0:08:55]}  hxg2 {[%clk 0:20:12]} 28. Nxg2 {[%clk 0:06:11]}  Qe7 {[%clk 0:16:16]} 29. Bf4 {[%clk 0:09:20]}  Bb5 {[%clk 0:12:23]} 30. Re1 {[%clk 0:06:19]}  Bxd3 {[%clk 0:10:56]} 31. Qxd3 {[%clk 0:08:45]}  Qf7 {[%clk 0:11:12]} 32. Qe4 {[%clk 0:03:47]}  Bf6 {[%clk 0:08:11]} 33. Qe6 {[%clk 0:01:39]}  Qxe6 {[%clk 0:08:08]} 34. Rxe6 {[%clk 0:01:12]}  Kf7 {[%clk 0:07:26]} 35. Re2 {[%clk 0:01:03]}  Rh8 {[%clk 0:07:08]} 36. Bc1 {[%clk 0:00:46]}  Be5 {[%clk 0:04:36]} 37. Bf4 {[%clk 0:00:59]}  Bf6 {[%clk 0:04:21]} 38. Bc1 {[%clk 0:01:17]}  Ne7 {[%clk 0:04:10]} 39. c4 {[%clk 0:01:07]}  Nf5 {[%clk 0:04:16]} 40. Nf4 {[%clk 0:00:39]}  Rh4 {[%clk 0:03:39]} 41. Rc2 {[%clk 0:19:44]}  g5 {[%clk 0:03:09]} 42. Ne6 {[%clk 0:18:33]}  Nd4 {[%clk 0:21:36]} 43. Nxd4 {[%clk 0:17:47]}  Bxd4+ {[%clk 0:21:01]} 44. Kg2 {[%clk 0:17:02]}  Be5 {[%clk 0:20:12]} 45. Kg1 {[%clk 0:14:12]}  Kg6 {[%clk 0:19:54]} 46. b3 {[%clk 0:09:48]}  Rh3 {[%clk 0:18:22]} 47. Bb2 {[%clk 0:08:42]}  Bf4 {[%clk 0:17:23]} 48. Bc3 {[%clk 0:08:11]}  Kf5 {[%clk 0:16:41]} 49. b4 {[%clk 0:07:45]}  Bxh2+ {[%clk 0:14:53]} 50. Kg2 {[%clk 0:08:10]}  g4 {[%clk 0:14:31]} 0-1